000 00422nam a2200121Ia 4500
008 220615s9999||||xx |||||||||||||| ||und||
100 _aViacheslav Kazmiruk
245 0 _aScanning Electron Microscopy
546 _aEnglish[eng]
650 _aPhysical Sciences||Engineering and Technology||Optoelectronics||Physics||Optics and Lasers
856 _uhttps://www.intechopen.com/books/scanning-electron-microscopy
942 _cEB
999 _c13308
_d13308